000 00466nam a22002057a 4500
003 bpm
005 20260409110303.0
008 260409b |||||||| |||| 00| p spa d
020 _a9500356988
024 _aS. C. C. / M. C. y E. M.:
040 _aAR-CtUCP
041 _aspa
080 _aCDU
100 _aGirondo Oliverio
245 _aObra
260 _aBuenos Aires
_bLosada
_c2002
650 _aLiteratura - Poesía
942 _cLIB
999 _c76626
_d76626